000 00367nam a2200157Ia 4500
008 100122s9999 xx 000 0 und d
082 _b75282
_a823.08
100 _aगजेंद्रगडकर मोनिका
245 _aभूप
250 _a2
260 _c2006
300 _a152
630 _aभूप
730 _aभूप
942 _cBOOK
999 _c391406
_d391403